000 00543nam a22001577a 4500
082 _a005
100 _aAli, Nibras ; Khizar, Haseeb ; Ali, Mersab
245 _aEscape the Dungeon /
_cNibras Ali ; Haseeb Khizar ; Mersab Ali
260 _aIslamabad :
_bSEECS - NUST,
_c2018.
300 _a42 p. ;
_c30cm.
650 _aComputer Science-Project Report
700 _aDr. Muddassir Malik
_931083
856 _u http://10.250.8.41:8080/xmlui/handle/123456789/19110
942 _2ddc
_cPR
999 _c536143
_d536143